000
00316nam a22001337a 4500
008
171025b xxu||||| |||| 00| 0 eng d
020
_a
9780130466419
041
_a
eng
080
_2
9 ED
_a
311
100
_a
55
101
_a
STA
245
_a
STATISTICS FOR BUSSINESS AND ECONOMICS
_c
BENSON.M
942
_2
udc
_c
BK
999
_c
35938
_d
35938